000 00772nam a2200205 i 4500
001 134841
003 ES-MaACL
005 20230906194744.0
007 t|
008 070629s1913 xxu ||||1| eng d
080 _a338.045:665.327
100 1 _aThompson, Erwin W.
_9110081
245 1 0 _aEdible oils in the Mediterranean district /
_cby Erwin W. Thompson.
260 _aWashington :
_bGovermment Printing Office,
_c1913.
300 _a32 p. ;
_c25 cm.
594 _aPrecede al tít.: Department of Commerce and Labor. Bureau of Manufactures. A.H. Baldwin, Chief. Special agents series--nº. 75.
650 _aIndustria del aceite de oliva.
_9143224
710 2 _aUnited States.
_bBureau of Foreign and Domestic Commerce.
_9143225
852 _aES-MaACL
_jT-1394-F-9
999 _c134841
_d134841